[Event "Prinsenstad-toernooi - A groep"]
[Site "Delft"]
[Date "2016.03.26"]
[Round "5.7"]
[White "Van Kerkhof, David"]
[Black "Voogt, Bob"]
[Result "1-0"]
[WhiteElo "2319"]
[BlackElo "2103"]
[PlyCount "53"]
[EventDate "2016.03.25"]
[EventType "swiss"]
[EventRounds "6"]
[EventCountry "NED"]
[Source "DSC"]
[SourceDate "2016.03.25"]

1. e4 Nf6 2. Nc3 d5 3. e5 d4 4. Nce2 d3 5. exf6 dxe2 6. Bxe2 exf6 7. d4 Bd6 8.
c3 O-O 9. Qc2 Re8 10. Be3 f5 11. O-O-O Qf6 12. Bd3 h6 13. Kb1 Nc6 14. Bc1 Bd7
15. f4 Bf8 16. Nf3 Rad8 17. Rhf1 g6 18. Ka1 Bc8 19. Ne5 Nxe5 20. fxe5 Qb6 21.
g4 fxg4 22. Rf6 Be6 23. Bxg6 Qa5 24. Bxf7+ Bxf7 25. Rxf7 Kxf7 26. Rf1+ Kg8 27.
Qg6+ 1-0

[Event "Prinsenstad-toernooi - A groep"]
[Site "Delft"]
[Date "2016.03.26"]
[Round "5.8"]
[White "Haver, Bas"]
[Black "Haver, Daan"]
[Result "0-1"]
[WhiteElo "2221"]
[BlackElo "2010"]
[PlyCount "138"]
[EventDate "2016.03.25"]
[EventType "swiss"]
[EventRounds "6"]
[EventCountry "NED"]
[Source "DSC"]
[SourceDate "2016.03.25"]

1. e4 e5 2. Nf3 Nc6 3. Bb5 a6 4. Ba4 Nf6 5. O-O Be7 6. Re1 b5 7. Bb3 d6 8. c3
O-O 9. h3 Nb8 10. d4 Nbd7 11. Nbd2 Bb7 12. Bc2 Re8 13. Nf1 Bf8 14. Ng3 g6 15.
b3 a5 16. Bd2 b4 17. cxb4 axb4 18. d5 Qb8 19. Bxb4 Bxd5 20. Bc3 Bb7 21. Qd2 Ra7
22. b4 c6 23. Bb3 d5 24. Qb2 Bg7 25. exd5 Nxd5 26. Ne4 Nxc3 27. Qxc3 Nb6 28.
Nc5 Nd5 29. Bxd5 cxd5 30. Nd7 e4 31. Qxg7+ Kxg7 32. Nxb8 Rxb8 33. Nd4 Rba8 34.
Rec1 Ra4 35. Rab1 Ba6 36. Nc6 Bb5 37. Rc5 Bxc6 38. Rxc6 Rb8 39. b5 Rxa2 40. b6
Rb7 41. Rd1 Rb2 42. Rxd5 R7xb6 43. Rxb6 Rxb6 44. Kh2 Kf6 45. Kg3 Ke6 46. Ra5
Rb2 47. h4 Rd2 48. h5 Rd5 49. Ra6+ Kf5 50. hxg6 hxg6 51. Ra3 Ke5 52. f3 f5 53.
Ra6 Rd6 54. Ra5+ Kd4 55. Kf4 Kd3 56. Ra3+ Ke2 57. fxe4 Rd4 58. Re3+ Kf2 59.
Rf3+ Kxg2 60. Rg3+ Kf2 61. Rxg6 fxe4 62. Rh6 e3+ 63. Ke5 Rg4 64. Rf6+ Ke1 65.
Kf5 Ra4 66. Rb6 e2 67. Kg5 Kd2 68. Rb2+ Ke3 69. Rb1 Rd4 0-1

[Event "Prinsenstad-toernooi - A groep"]
[Site "Delft"]
[Date "2016.03.26"]
[Round "5.9"]
[White "Overeem, Marc"]
[Black "Van Dijk, Harold"]
[Result "0-1"]
[WhiteElo "2222"]
[BlackElo "2310"]
[PlyCount "90"]
[EventDate "2016.03.25"]
[EventType "swiss"]
[EventRounds "6"]
[EventCountry "NED"]
[Source "DSC"]
[SourceDate "2016.03.25"]

1. d4 Nf6 2. Nf3 g6 3. Bg5 Bg7 4. Nbd2 h6 5. Bh4 d6 6. e4 g5 7. Bg3 Nh5 8. c3
Nxg3 9. hxg3 c5 10. dxc5 dxc5 11. Bc4 Nc6 12. Qe2 a6 13. O-O-O Qc7 14. Nxg5 Ne5
15. Nh3 Nxc4 16. Nxc4 b5 17. Ne3 Qa5 18. Kb1 Bxh3 19. Rxh3 e6 20. e5 Rd8 21.
Ng4 Ke7 22. Rhh1 Qa4 23. Qf3 b4 24. c4 Rb8 25. b3 Qa5 26. Nf6 Rhd8 27. Qg4
Rxd1+ 28. Rxd1 Rd8 29. Rxd8 Qxd8 30. Kc2 Qa5 31. Qxg7 Qxa2+ 32. Kd3 Qxb3+ 33.
Ke4 Qxc4+ 34. Kf3 Qd3+ 35. Kg4 Qg6+ 36. Qxg6 fxg6 37. Kf3 a5 38. Ke3 a4 39. Kd3
a3 40. Kc2 c4 41. Ne4 Kd7 42. g4 Kc6 43. f4 Kd5 44. Nf2 b3+ 45. Kc3 a2 0-1

[Event "Prinsenstad-toernooi - A groep"]
[Site "Delft"]
[Date "2016.03.26"]
[Round "5.10"]
[White "Polak, Alexander"]
[Black "Blees, Enrico"]
[Result "1-0"]
[WhiteElo "2111"]
[BlackElo "2223"]
[PlyCount "59"]
[EventDate "2016.03.25"]
[EventType "swiss"]
[EventRounds "6"]
[EventCountry "NED"]
[Source "DSC"]
[SourceDate "2016.03.25"]

1. e4 c6 2. d4 d5 3. Nc3 dxe4 4. Nxe4 Bf5 5. Ng3 Bg6 6. N1e2 e6 7. Nf4 Bd6 8.
Ngh5 Kf8 9. Qf3 Nf6 10. Nxg6+ hxg6 11. Ng3 Nbd7 12. Bd2 e5 13. dxe5 Nxe5 14.
Qb3 Qb6 15. h3 Rh4 16. Be2 Bc5 17. O-O Nd5 18. Rae1 Re8 19. Bd1 Nf4 20. Ne4 Ne6
21. Qg3 Rxe4 22. Rxe4 Nd7 23. Bc3 Nf6 24. Rh4 Kg8 25. b4 Be7 26. Bxf6 Bxf6 27.
Re4 Rd8 28. Rfe1 Kh7 29. c3 Rd2 30. Bb3 1-0

[Event "Prinsenstad-toernooi - A groep"]
[Site "Delft"]
[Date "2016.03.26"]
[Round "5.11"]
[White "Vrolijk, Liam"]
[Black "Van de Lisdonk, Lucien"]
[Result "1-0"]
[WhiteElo "2162"]
[BlackElo "2034"]
[PlyCount "96"]
[EventDate "2016.03.25"]
[EventType "swiss"]
[EventRounds "6"]
[EventCountry "NED"]
[Source "DSC"]
[SourceDate "2016.03.25"]

1. g3 Nf6 2. Nf3 c5 3. Bg2 Nc6 4. c4 d5 5. cxd5 Nxd5 6. Nc3 Nc7 7. d3 g6 8. h4
h5 9. Be3 Ne6 10. O-O Bg7 11. Rc1 O-O 12. a3 Bd7 13. Ng5 Nxg5 14. Bxg5 Rc8 15.
Ne4 b6 16. Rb1 Bg4 17. Nc3 Nd4 18. Re1 Qd7 19. Qd2 Bh3 20. Bh1 f6 21. Bh6 Nf5
22. Bxg7 Kxg7 23. Nd5 e5 24. Rbd1 Rcd8 25. b4 Nxh4 26. gxh4 Qg4+ 27. Kh2 Qxh4
28. Kg1 Qg4+ 29. Kh2 Qh4 30. e4 Bg4+ 31. Kg1 Bxd1 32. Rxd1 f5 33. Qe2 fxe4 34.
dxe4 cxb4 35. axb4 Rd6 36. Bg2 Rf7 37. Rd3 Qg5 38. Qb2 Rc6 39. f4 Qh4 40. Qxe5+
Kh7 41. Rh3 Rc1+ 42. Kh2 Qf2 43. Rg3 h4 44. Rg4 Qg1+ 45. Kh3 g5 46. Qxg5 Rc3+
47. Nxc3 Qe3+ 48. Kh2 Qd4 1-0

[Event "Prinsenstad-toernooi - A groep"]
[Site "Delft"]
[Date "2016.03.27"]
[Round "6.1"]
[White "Ducarmon, Quinten"]
[Black "Reinderman, Dimitri"]
[Result "1/2-1/2"]
[WhiteElo "2473"]
[BlackElo "2581"]
[PlyCount "71"]
[EventDate "2016.03.25"]
[EventType "swiss"]
[EventRounds "6"]
[EventCountry "NED"]
[Source "DSC"]
[SourceDate "2016.03.25"]

{In de laatste ronde zat het weer niet mee met de indeling, de nummer vier op
rating met zwart. Ik leek er erg hard af te gaan, hij speelde het goed en had
op zich een punt verdiend, maar gewonnen stellingen afmaken is ook een
belangrijk onderdeel van het schaken, zoals een gedeelde winnaar uit
Prinsenstand 2009 (Anish Giri, red) momenteel in een toernooi in Moskou
ondervindt.} 1. e4 c5 2. Nf3 Nc6 3. Nc3 Nf6 4. Bb5 g6 5. h3 Bg7 6. e5 Ng8 7.
O-O Nxe5 8. Nxe5 Bxe5 9. Re1 Bg7 10. d4 cxd4 11. Nd5 Kf8 12. Bg5 f6 13. Bh4 e6
({Hier had ik van tevoren gehoopt dat} 13... e6 {goed zou zijn. Paard moet weg,
zwart staat prima. Helaas moet het paard niet weg. Toen ik dat doorhad
probeerde ik nog een alternatief te vinden voor 13...e6, maar ik vond niets.})
14. Qxd4 Kf7 15. Bg3 d6 {Het ziet er verdacht uit voor zwart en Quinten vond
een manier om materiaal te winnen.} 16. Qc4 Rb8 (16... a6 17. Nc7 axb5 (17...
d5 {was nog beter geweest.}) 18. Nxe6 $1 bxc4 19. Nxd8+ Kf8 20. Bxd6+ {
met winst is de pointe.}) 17. Nc7 d5 {
Wit kan nu op vele manieren winnen, bijvoorbeeld door} 18. Nxd5 exd5 19. Qf4
Ne7 20. Qxb8 Qb6 21. Qd6 Qxd6 22. Bxd6 {Met een volle kwaliteit meer in het
eindspel. Winst zou niet moeilijk moeten zijn, maar ik zag dat als ik mijn
paard voor zijn witveldige loper zou kunnen ruilen, het toch niet zo makkelijk
voor wit zou zijn.} Nf5 23. Bb8 a6 24. Ba4 Be6 25. Ba7 Nd6 26. Rad1 Rc8 27. Bb3
Nc4 28. Bxc4 Rxc4 {Gelukt. Ik hoopte ook nog c3 af te dwingen om geen last te
hebben van een torenswitch over de derde rij.} 29. Re2 Bf8 30. Rd3 Bd6 31. Rde3
Bd7 32. c3 h5 {Inmiddels vindt SF het al niet meer duidelijk gewonnen voor wit.
De volgende zet is fout, maar dag zag ik niet.} 33. Bb8 $2 Bf8 $2 (33... d4 $1
34. Re4 d3 $1 35. Bxd6 dxe2 36. Re7+ Kg8 37. Rxe2 Rc6 {
geeft goede remisekansen.}) {Gelukkig dat ik dat niet speelde, want:} 34. Rd3
$2 {Dat dit niet goed is had ik wel gezien.} Rc8 35. Ba7 Bb5 36. Red2 {
Dat scheelde 500 euro.} 1/2-1/2

[Event "Prinsenstad-toernooi - A groep"]
[Site "Delft"]
[Date "2016.03.27"]
[Round "6.2"]
[White "Blees, Albert"]
[Black "De Jong, Migchiel"]
[Result "1-0"]
[WhiteElo "2382"]
[BlackElo "2390"]
[PlyCount "67"]
[EventDate "2016.03.25"]
[EventType "swiss"]
[EventRounds "6"]
[EventCountry "NED"]
[Source "DSC"]
[SourceDate "2016.03.25"]

1. d4 e6 2. c4 Bb4+ 3. Bd2 a5 4. Nf3 d6 5. g3 Nc6 6. Bg2 e5 7. O-O exd4 8. Bxb4
axb4 9. Nxd4 Nxd4 10. Qxd4 Nf6 11. c5 dxc5 12. Qxc5 Qe7 13. Qb5+ Nd7 14. Rc1 c6
15. Bxc6 bxc6 16. Qxc6 Qg5 17. Nd2 Rb8 18. Qxc8+ Rxc8 19. Rxc8+ Ke7 20. Nf3 Qf6
21. Rxh8 Qxb2 22. Rd1 Qxa2 23. Rc8 Nf8 24. Rb8 b3 25. Rd3 Ne6 26. Rb7+ Kf6 27.
Kf1 Qa1+ 28. Kg2 Qa2 29. Rd2 Qa4 30. Rdd7 Ng5 31. h4 Ne6 32. Rxf7+ Kg6 33. Rfe7
Kf5 34. Rb6 1-0

[Event "Prinsenstad-toernooi - A groep"]
[Site "Delft"]
[Date "2016.03.27"]
[Round "6.3"]
[White "Van den Doel, Erik"]
[Black "Arnaudov, Petar"]
[Result "1/2-1/2"]
[WhiteElo "2564"]
[BlackElo "2450"]
[PlyCount "131"]
[EventDate "2016.03.25"]
[EventType "swiss"]
[EventRounds "6"]
[EventCountry "NED"]
[Source "DSC"]
[SourceDate "2016.03.25"]

1. e4 e5 2. Nf3 Nc6 3. Bb5 Nf6 4. d3 Bc5 5. Bxc6 dxc6 6. Nbd2 Be6 7. O-O Nd7 8.
Nb3 Bb6 9. Ng5 Bxb3 10. axb3 f6 11. Nf3 Nf8 12. Nd2 Ne6 13. Qh5+ g6 14. Qd1 Qd7
15. Nc4 Bc5 16. Be3 Bxe3 17. Nxe3 a6 18. b4 O-O 19. Kh1 Kh8 20. Qd2 Rad8 21.
Ra5 Qe7 22. g3 Rd4 23. c3 Rdd8 24. Nc4 c5 25. bxc5 Nxc5 26. Qe2 Nxd3 27. b4 c6
28. Ne3 f5 29. exf5 gxf5 30. Nc4 Qe6 31. Nb2 Nxb2 32. Qxb2 Qc4 33. Kg1 Rd5 34.
Re1 e4 35. Rxd5 cxd5 36. Rd1 Rc8 37. Qd2 Qc6 38. Qd4+ Kg8 39. Qe5 Re8 40. Qxf5
e3 41. fxe3 Qxc3 42. Qxd5+ Kh8 43. Qd4+ Qxd4 44. exd4 Re2 45. d5 Kg7 46. d6 Re8
47. d7 Rd8 48. Rd6 Kf8 49. g4 b6 50. Kf2 a5 51. b5 a4 52. Rxb6 Rxd7 53. Ra6 Rd5
54. b6 Rb5 55. Kg3 a3 56. Kh4 a2 57. Rxa2 Rxb6 58. Kh5 Kg7 59. Ra7+ Kg8 60. g5
Rc6 61. h4 Rc4 62. Ra1 Kg7 63. Rg1 Rb4 64. Rg4 Rxg4 65. Kxg4 h6 66. gxh6+
1/2-1/2

[Event "Prinsenstad-toernooi - A groep"]
[Site "Delft"]
[Date "2016.03.27"]
[Round "6.4"]
[White "Van Dijk, Harold"]
[Black "Van Kerkhof, David"]
[Result "0-1"]
[WhiteElo "2310"]
[BlackElo "2319"]
[PlyCount "74"]
[EventDate "2016.03.25"]
[EventType "swiss"]
[EventRounds "6"]
[EventCountry "NED"]
[Source "DSC"]
[SourceDate "2016.03.25"]

1. e4 e5 2. d4 exd4 3. c3 Qe7 4. cxd4 Qxe4+ 5. Be3 Nf6 6. Nc3 Bb4 7. Qd2 Qe7 8.
Bd3 d5 9. Nge2 c6 10. O-O O-O 11. Bg5 h6 12. Bh4 Re8 13. Rae1 Be6 14. Ng3 Qd8
15. Bb1 Nbd7 16. Nh5 Be7 17. Qd3 Nf8 18. Nf4 Bg4 19. Qg3 g5 20. f3 gxf4 21.
Qxf4 Bh5 22. Bxf6 Bxf6 23. Rxe8 Bxd4+ 24. Qxd4 Qxe8 25. Qh4 Qe3+ 26. Kh1 Bg6
27. f4 Bxb1 28. Nxb1 Re8 29. f5 Re4 30. g4 Qe2 31. Rg1 Qf3+ 32. Rg2 Qf1+ 33.
Rg1 Qf3+ 34. Rg2 Re2 35. Qg3 Qe4 36. h3 Qxb1+ 37. Kh2 Qxb2 0-1

[Event "Prinsenstad-toernooi - A groep"]
[Site "Delft"]
[Date "2016.03.27"]
[Round "6.5"]
[White "Barendse, Ted"]
[Black "Haver, Daan"]
[Result "1-0"]
[WhiteElo "2142"]
[BlackElo "2010"]
[PlyCount "69"]
[EventDate "2016.03.25"]
[EventType "swiss"]
[EventRounds "6"]
[EventCountry "NED"]
[Source "DSC"]
[SourceDate "2016.03.25"]

1. e4 e5 2. Nf3 Nc6 3. Bb5 a6 4. Ba4 Nf6 5. O-O Be7 6. Re1 b5 7. Bb3 d6 8. c3
O-O 9. h3 Nb8 10. d4 Nbd7 11. Nbd2 Bb7 12. Bc2 Re8 13. Nf1 Bf8 14. Ng3 g6 15.
a4 Bg7 16. Bg5 c5 17. Qd2 Qb6 18. dxe5 dxe5 19. b3 Rac8 20. Red1 b4 21. Bd3 Nb8
22. a5 bxc3 23. axb6 cxd2 24. Nxd2 h6 25. Be3 Re6 26. Nc4 Nbd7 27. Na5 Rb8 28.
Nxb7 Rxb7 29. Bxa6 Rbxb6 30. Bc4 Rec6 31. Ra8+ Kh7 32. Bxf7 Rd6 33. Rda1 Rb8
34. Rxb8 Nxb8 35. Bxc5 1-0

[Event "Prinsenstad-toernooi - A groep"]
[Site "Delft"]
[Date "2016.03.27"]
[Round "6.6"]
[White "Haslinger, Stewart"]
[Black "Polak, Alexander"]
[Result "1/2-1/2"]
[WhiteElo "2508"]
[BlackElo "2111"]
[PlyCount "70"]
[EventDate "2016.03.25"]
[EventType "swiss"]
[EventRounds "6"]
[EventCountry "NED"]
[Source "DSC"]
[SourceDate "2016.03.25"]

1. e4 c6 2. d4 d5 3. e5 Bf5 4. Nf3 e6 5. Be2 Nd7 6. O-O h6 7. Nbd2 Ne7 8. Nb3
Qc7 9. a4 Rc8 10. Bd2 Bg4 11. Ne1 Bxe2 12. Qxe2 h5 13. a5 a6 14. Bb4 Nf5 15.
Bxf8 Kxf8 16. Nd3 Qd8 17. Qd2 Rc7 18. Nbc5 h4 19. Nxd7+ Qxd7 20. Nc5 Qe7 21. g4
hxg3 22. fxg3 Ke8 23. Ra3 Kd8 24. Rb3 Kc8 25. Qd3 g6 26. Rf4 Rh7 27. Rb6 f6 28.
b4 fxe5 29. dxe5 Qg7 30. Nxe6 Qxe5 31. Nxc7 Kxc7 32. Rf1 Qe3+ 33. Qxe3 Nxe3 34.
Rf6 Rg7 35. h4 Nc4 1/2-1/2

[Event "Prinsenstad-toernooi - A groep"]
[Site "Delft"]
[Date "2016.03.27"]
[Round "6.7"]
[White "Ducarmon, Renzo"]
[Black "Lalic, Bogdan"]
[Result "0-1"]
[WhiteElo "2119"]
[BlackElo "2429"]
[PlyCount "40"]
[EventDate "2016.03.25"]
[EventType "swiss"]
[EventRounds "6"]
[EventCountry "NED"]
[Source "DSC"]
[SourceDate "2016.03.25"]

1. e4 e6 2. d4 d5 3. Nd2 Nc6 4. Ngf3 Nf6 5. e5 Nd7 6. Bd3 f6 7. O-O fxe5 8.
Nxe5 Ndxe5 9. dxe5 Nxe5 10. Qh5+ Nf7 11. Bxh7 g6 12. Qh3 e5 13. g4 Qf6 14. Nf3
Qg7 15. Ng5 Nxg5 16. Bxg6+ Qxg6 17. Qxh8 Nf3+ 18. Kh1 Bxg4 19. b3 O-O-O 20. Bb2
Bd6 0-1

[Event "Prinsenstad-toernooi - A groep"]
[Site "Delft"]
[Date "2016.03.27"]
[Round "6.8"]
[White "Bakker, Guido"]
[Black "Vrolijk, Liam"]
[Result "1/2-1/2"]
[WhiteElo "2124"]
[BlackElo "2162"]
[PlyCount "61"]
[EventDate "2016.03.25"]
[EventType "swiss"]
[EventRounds "6"]
[EventCountry "NED"]
[Source "DSC"]
[SourceDate "2016.03.25"]

1. d4 Nf6 2. c4 g6 3. Nc3 Bg7 4. e4 d6 5. Nf3 O-O 6. Be2 e5 7. O-O Nc6 8. d5
Ne7 9. b4 a5 10. Ba3 axb4 11. Bxb4 Re8 12. Nd2 Bf8 13. a4 c5 14. dxc6 bxc6 15.
Nf3 c5 16. Ba3 Nc6 17. Bc1 Be6 18. Bg5 Be7 19. Bxf6 Bxf6 20. Nd5 Bg7 21. Qd2
Bxd5 22. cxd5 Nb4 23. Ne1 Qh4 24. Bf3 Qf4 25. Qe2 Bh6 26. Nd3 Nxd3 27. Qxd3 Qd2
28. Be2 Reb8 29. Qxd2 Bxd2 30. Bb5 Ra5 31. Rab1 1/2-1/2

[Event "Prinsenstad-toernooi - A groep"]
[Site "Delft"]
[Date "2016.03.27"]
[Round "6.9"]
[White "Schönberger, Daan"]
[Black "Haver, Bas"]
[Result "1-0"]
[WhiteElo "2006"]
[BlackElo "2221"]
[PlyCount "95"]
[EventDate "2016.03.25"]
[EventType "swiss"]
[EventRounds "6"]
[EventCountry "NED"]
[Source "DSC"]
[SourceDate "2016.03.25"]

1. d4 Nf6 2. c4 e6 3. g3 c5 4. d5 exd5 5. cxd5 d6 6. Nc3 g6 7. Bg2 Bg7 8. Nf3
O-O 9. O-O a6 10. a4 Nbd7 11. Bf4 Re8 12. Bxd6 Qb6 13. Bf4 Qxb2 14. Qd3 Nh5 15.
Bd2 Bxc3 16. Bxc3 Qb6 17. e4 f6 18. Rfe1 Ne5 19. Nxe5 fxe5 20. Rab1 Qc7 21. Qc4
Kf8 22. a5 Bd7 23. Rb6 Bb5 24. Qb3 Rad8 25. Qb2 Qe7 26. Re6 Qc7 27. Rxe5 Rxe5
28. Bxe5 Qxa5 29. Qc1 Re8 30. Bc3 Qc7 31. e5 Ng7 32. g4 Bd7 33. Qh6 Bxg4 34.
Qxh7 Qf7 35. e6 Nxe6 36. Qxf7+ Kxf7 37. dxe6+ Bxe6 38. Bxb7 Rd8 39. Bxa6 c4 40.
Bb7 Bf5 41. Be4 Bg4 42. Kg2 Rd6 43. Kg3 Be6 44. Kf4 Rb6 45. Rb1 Rb3 46. Rxb3
cxb3 47. Ke5 g5 48. Bd5 1-0

[Event "Prinsenstad-toernooi - A groep"]
[Site "Delft"]
[Date "2016.03.27"]
[Round "6.10"]
[White "Bertholee, Rob"]
[Black "Pietrow, Andrzej"]
[Result "1/2-1/2"]
[WhiteElo "2318"]
[BlackElo "1991"]
[PlyCount "69"]
[EventDate "2016.03.25"]
[EventType "swiss"]
[EventRounds "6"]
[EventCountry "NED"]
[Source "DSC"]
[SourceDate "2016.03.25"]

1. e4 c6 2. d4 d5 3. exd5 cxd5 4. c3 Nc6 5. Nf3 Nf6 6. Ne5 e6 7. Bg5 Be7 8. Nd2
h6 9. Bf4 Nxe5 10. dxe5 Nd7 11. h4 Nb6 12. Qg4 Kf8 13. Bd3 Bd7 14. Nf3 Qc7 15.
Rh3 h5 16. Qg3 Nc4 17. Rb1 Bb5 18. Bg5 Ba6 19. Qf4 Ke8 20. Rg3 Bxg5 21. Qxg5 g6
22. Qf6 Rg8 23. Bxg6 fxg6 24. Qxe6+ Kf8 25. b3 Nb6 26. Ng5 Kg7 27. Qf6+ Kh6 28.
Nf7+ Kh7 29. Ng5+ Kh6 30. e6 Qg7 31. Qf4 Rgf8 32. Qe3 Rae8 33. Kd2 Rf6 34. Re1
Re7 35. Nf7+ 1/2-1/2

[Event "Prinsenstad-toernooi - A groep"]
[Site "Delft"]
[Date "2016.03.27"]
[Round "6.11"]
[White "Voogt, Bob"]
[Black "Roorda, Thijs"]
[Result "1/2-1/2"]
[WhiteElo "2103"]
[BlackElo "2142"]
[PlyCount "124"]
[EventDate "2016.03.25"]
[EventType "swiss"]
[EventRounds "6"]
[EventCountry "NED"]
[Source "DSC"]
[SourceDate "2016.03.25"]

1. e4 e6 2. d4 d5 3. Nd2 a6 4. c3 c5 5. exd5 exd5 6. Ngf3 Nc6 7. Be2 Nf6 8. O-O
cxd4 9. Nxd4 Nxd4 10. cxd4 Bd6 11. Nf3 O-O 12. Bg5 Re8 13. Re1 Bb4 14. Rf1 Bg4
15. h3 Bh5 16. a3 Ba5 17. Rc1 Qd6 18. Bxf6 Qxf6 19. b4 Bb6 20. Re1 Re4 21. Qb3
Rae8 22. Kf1 Bxf3 23. Bxf3 Qxd4 24. Qc2 Rxe1+ 25. Rxe1 Rxe1+ 26. Kxe1 g6 27.
Qd2 Qa1+ 28. Ke2 Qe5+ 29. Kf1 Bd4 30. Qe2 Qf5 31. Qd2 Qb1+ 32. Ke2 Qa1 33. Bxd5
Bc3 34. Qf4 Qe1+ 35. Kd3 Qd1+ 36. Kc4 b5+ 37. Kc5 Kh8 38. Qxf7 Qd4+ 39. Kc6
Qf6+ 40. Qxf6+ Bxf6 41. Kb6 Bb2 42. Kxa6 Bxa3 43. Kxb5 Kg7 44. Ka5 Kf6 45. b5
Ke5 46. Bg8 h6 47. b6 Kd6 48. f3 Kc6 49. Bf7 g5 50. Ka6 Bc5 51. Be8+ Kd6 52.
Kb5 Be3 53. b7 Kc7 54. b8=Q+ Kxb8 55. Kc6 Kc8 56. Kd6 Kd8 57. Bc6 Bf4+ 58. Ke6
h5 59. h4 gxh4 60. Kf5 Bg3 61. Kg5 Ke7 62. Kxh5 Kf6 1/2-1/2

[Event "Prinsenstad-toernooi - C groep"]
[Site "Delft"]
[Date "2016.03.25"]
[Round "1.3"]
[White "De Ruyter, Wim"]
[Black "Wandy, Kasim"]
[Result "1/2-1/2"]
[WhiteElo "1638"]
[BlackElo "1787"]
[PlyCount "47"]
[EventDate "2016.03.25"]
[EventType "swiss"]
[EventRounds "6"]
[EventCountry "NED"]
[Source "DSC"]
[SourceDate "2016.03.25"]

1. e4 c5 2. Nc3 Nc6 3. g3 Nf6 4. Bg2 e6 5. d3 Be7 6. f4 O-O 7. e5 Ne8 8. Nf3 d6
9. h4 dxe5 10. fxe5 f6 11. Bf4 fxe5 12. Nxe5 Nxe5 13. Bxe5 Rf5 14. Qe2 Bd6 15.
Bxd6 Qxd6 16. Ne4 Qa6 17. a3 Qa5+ 18. Qd2 Qxd2+ 19. Kxd2 Nf6 20. Rae1 Nxe4+ 21.
Bxe4 Rf2+ 22. Re2 Rxe2+ 23. Kxe2 Rb8 24. Rf1 1/2-1/2

[Event "Prinsenstad-toernooi - C groep"]
[Site "Delft"]
[Date "2016.03.25"]
[Round "1.5"]
[White "Patil, Mahesh"]
[Black "Eshuis, Hans"]
[Result "0-1"]
[WhiteElo "1625"]
[BlackElo "1775"]
[PlyCount "92"]
[EventDate "2016.03.25"]
[EventType "swiss"]
[EventRounds "6"]
[EventCountry "NED"]
[Source "DSC"]
[SourceDate "2016.03.25"]

1. e4 e6 2. d4 d5 3. exd5 exd5 4. Nf3 Nc6 5. c4 Bg4 6. Be2 Bb4+ 7. Nc3 Nge7 8.
O-O Qd7 9. a3 Bxc3 10. bxc3 O-O-O 11. c5 f6 12. Rb1 Rdf8 13. Re1 a6 14. Bf4 g5
15. Bg3 h5 16. h3 Bf5 17. Bd3 Bxd3 18. Qxd3 Nf5 19. Nd2 g4 20. h4 Nxg3 21. fxg3
f5 22. Qe3 Qd8 23. Qe6+ Qd7 24. Qxd7+ Kxd7 25. Rxb7 f4 26. Kh2 fxg3+ 27. Kxg3
Rf6 28. Rbb1 Ne7 29. Re5 Nf5+ 30. Kh2 Nxh4 31. Rxd5+ Kc6 32. Re5 Rf2 33. d5+
Kd7 34. c6+ Kc8 35. Rbe1 Kb8 36. Re8+ Rxe8 37. Rxe8+ Ka7 38. d6 Rxg2+ 39. Kh1
Rxd2 40. dxc7 Nf3 41. c8=N+ Kb8 42. Nb6+ Kc7 43. Na8+ Kxc6 44. Re6+ Kb7 45.
Re7+ Kxa8 46. Re8+ Kb7 0-1

[Event "Prinsenstad-toernooi - C groep"]
[Site "Delft"]
[Date "2016.03.25"]
[Round "1.20"]
[White "Nobel, Corniel"]
[Black "Bijvank, Kyrian"]
[Result "1-0"]
[WhiteElo "1685"]
[BlackElo "1531"]
[Annotator "Corniel Nobel"]
[PlyCount "57"]
[EventDate "2016.03.25"]
[EventType "swiss"]
[EventRounds "6"]
[EventCountry "NED"]
[Source "DSC"]
[SourceDate "2016.03.25"]

1. e4 c5 2. Nf3 Nc6 3. d4 cxd4 4. Nxd4 e6 5. Nc3 a6 6. Be2 Nf6 7. O-O Bb4 8.
Nxc6 bxc6 9. e5 Nd5 (9... Bxc3 10. bxc3 Nd5 11. Qd3) 10. Ne4 $1 Qc7 11. Nd6+
Ke7 $2 (11... Bxd6 12. exd6 Qb6 (12... Qxd6 $4 {mag natuurlijk niet:} 13. c4 {
en de penning wint het stuk.}) 13. c4 Nf6 $14) 12. c4 Bxd6 (12... Nb6 {
is niet beter} 13. Qd4 c5 14. Qh4+ {en zwart verliest in de aanval.}) 13. exd6+
Qxd6 14. cxd5 cxd5 15. Bd2 Qb6 16. Qa4 Qxb2 17. Bb4+ Kf6 18. Rfe1 Qe5 19. Bd3
Qc7 20. Rac1 Qb8 21. Bc5 d6 22. Qf4+ $6 {Duurt langer.} (22. Qh4+ g5 23. Bd4+
e5 24. Qh6+ Ke7 25. Rxe5+ dxe5 26. Bc5+ Ke8 27. Qc6+ Bd7 28. Qf6 {en mat.})
22... Ke7 23. Rb1 Qc7 24. Rec1 e5 $4 (24... Qd8 25. Bb6 Qe8 26. Rc7+ Bd7) 25.
Qxe5+ Be6 26. Qg3 (26. Bxd6+ Qxd6 27. Rb7+ Qd7 28. Rxd7+ Kxd7 29. Rc7+ Ke8 30.
Qd6 {en mat.}) 26... g6 27. Bd4 Qd7 28. Qg5+ Ke8 29. Bxh8 {en opgegeven.} 1-0

[Event "Prinsenstad-toernooi - C groep"]
[Site "Delft"]
[Date "2016.03.26"]
[Round "2.9"]
[White "Wandy, Kasim"]
[Black "Nobel, Corniel"]
[Result "1/2-1/2"]
[WhiteElo "1787"]
[BlackElo "1685"]
[Annotator "Corniel Nobel"]
[PlyCount "70"]
[EventDate "2016.03.25"]
[EventType "swiss"]
[EventRounds "6"]
[EventCountry "NED"]
[Source "DSC"]
[SourceDate "2016.03.25"]

1. e4 c5 2. Nf3 Nc6 3. c3 d5 4. exd5 Qxd5 5. Be2 Bf5 6. Na3 Bd3 7. O-O Nf6 8.
c4 Qd7 9. Nb5 O-O-O $2 10. Re1 (10. Bxd3 $1 {
en wit kan twee stukken ruilen tegen een toren en twee pionnen.} Qxd3 11. Nxa7+
Nxa7 12. Ne5 Qd4 13. Nxf7 Rg8 14. Nxd8 $18) 10... e5 11. b3 (11. Bxd3 Qxd3 12.
Nxe5 (12. Nxa7+ Nxa7 13. Nxe5 Qd4) 12... Nxe5 13. Rxe5 a6 14. Na3 Bd6) 11... e4
12. Bxd3 exd3 13. Bb2 a6 14. Nc3 Bd6 15. Na4 Qf5 16. Bxf6 Qxf6 (16... gxf6 17.
Nb6+ Kb8 18. Nd5 Rhg8 {is ook interesant.}) 17. Nb6+ Kb8 18. Nd5 Qh6 19. h3 g5
20. Ne3 Qg6 21. Ng4 h5 $6 (21... Rhe8 $1 {
en zwart houdt de e-lijn onder controle.} 22. Rxe8 Rxe8 23. Ne3 h5 $17) 22.
Nge5 Nxe5 (22... Qf6) 23. Nxe5 Qf5 (23... Bxe5 24. Rxe5 g4 25. h4 Qf6 26. Qe1
Qxh4 27. Re7 (27. Rxc5 Rhe8 28. Re5 g3 29. fxg3 Qd4+ 30. Re3 Rxe3 31. dxe3 Qb2)
) 24. Qf3 Qxf3 25. Nxf3 g4 (25... f6 $15 {houdt de gelederen gesloten.} 26. Re6
g4 27. Nh4 Be5 (27... Rhe8 28. Rxe8 Rxe8 29. Nf5 Bf4 30. Ne3 g3 31. fxg3 Bxg3)
28. Re1) 26. Ng5 Rd7 27. h4 Bf4 28. Ne4 b6 29. g3 Bh6 30. Rad1 Bg7 31. Ng5 Bd4
32. Re4 f6 33. Ne6 Kb7 (33... Re7 $1 34. Rde1 (34. Ng5 Rhe8)) 34. Rde1 Be5 35.
Nf4 Bxf4 {En remise overheen gekomen.} 1/2-1/2